000 00473nam a22001817a 4500
005 20251108175236.0
008 250721s2002 xx 000 0 eng d
020 _a761450882
082 1 4 _aJ/786.8/VEL
100 1 _aVELASQUEZ, ERIC
245 1 0 _aDAVID GETS HIS DRUM /
264 1 _anew York :
_bmarshall cavendish,
_c2002.
300 _a31P.
650 1 7 _aDRUMS
653 _aمرحلة ناشؤون صغار (10-14) سنة
942 _2ddc
_cBK
999 _c129542
_d129542